<?xml version="1.0" encoding="UTF-8"?>
<collection xmlns:xsi="http://www.w3.org/2001/XMLSchema-instance" xsi:schemaLocation="http://www.loc.gov/MARC21/slim http://www.loc.gov/standards/marcxml/schema/MARC21slim.xsd" xmlns="http://www.loc.gov/MARC21/slim">
 <record>
  <leader>00000nam a2200000 i 4500</leader>
  <controlfield tag="001">UP-1686042739784927482</controlfield>
  <controlfield tag="003">Buklod</controlfield>
  <controlfield tag="005">20240513105839.0</controlfield>
  <controlfield tag="006">m     |  | |      </controlfield>
  <controlfield tag="007">ta</controlfield>
  <controlfield tag="008">240513s2022    nyu     r   b|001 0|eng d</controlfield>
  <datafield tag="020" ind1=" " ind2=" ">
   <subfield code="a">9780367432522 (pbk)</subfield>
  </datafield>
  <datafield tag="035" ind1=" " ind2=" ">
   <subfield code="a">22379700</subfield>
  </datafield>
  <datafield tag="037" ind1=" " ind2=" ">
   <subfield code="a">BC-74845</subfield>
   <subfield code="b">SERV Enterprises</subfield>
   <subfield code="c">Php4,293.00</subfield>
   <subfield code="n">Department of Language, Literature, and the Arts</subfield>
  </datafield>
  <datafield tag="040" ind1=" " ind2=" ">
   <subfield code="a">DLC</subfield>
   <subfield code="d">BAG</subfield>
   <subfield code="e">rda</subfield>
  </datafield>
  <datafield tag="041" ind1="0" ind2=" ">
   <subfield code="a">eng</subfield>
  </datafield>
  <datafield tag="090" ind1=" " ind2="0">
   <subfield code="a">P 90</subfield>
   <subfield code="b">N49 2022</subfield>
  </datafield>
  <datafield tag="100" ind1="1" ind2=" ">
   <subfield code="a">Newman, Michael Z.</subfield>
   <subfield code="e">author.</subfield>
  </datafield>
  <datafield tag="245" ind1="1" ind2="4">
   <subfield code="a">The media studies toolkit</subfield>
   <subfield code="c">Michael Z. Newman.</subfield>
  </datafield>
  <datafield tag="264" ind1=" " ind2="1">
   <subfield code="a">New York, NY</subfield>
   <subfield code="b">Routledge, an imprint of the Taylor &amp; Francis Group</subfield>
   <subfield code="c">2022.</subfield>
  </datafield>
  <datafield tag="300" ind1=" " ind2=" ">
   <subfield code="a">xii, 274 pages</subfield>
   <subfield code="c">23 cm</subfield>
  </datafield>
  <datafield tag="336" ind1=" " ind2=" ">
   <subfield code="a">text</subfield>
   <subfield code="2">rdacontent</subfield>
  </datafield>
  <datafield tag="337" ind1=" " ind2=" ">
   <subfield code="a">unmediated</subfield>
   <subfield code="2">rdamedia</subfield>
  </datafield>
  <datafield tag="338" ind1=" " ind2=" ">
   <subfield code="a">volume</subfield>
   <subfield code="2">rdacarrier</subfield>
  </datafield>
  <datafield tag="504" ind1=" " ind2=" ">
   <subfield code="a">Includes bibliographical references and index.</subfield>
  </datafield>
  <datafield tag="505" ind1="0" ind2=" ">
   <subfield code="a">Industry -- Text -- Audience -- Representation -- Ideology -- Policy and regulation -- Citizenship -- Consumerism -- Technology -- Global and local.</subfield>
  </datafield>
  <datafield tag="520" ind1=" " ind2=" ">
   <subfield code="a">&quot;In this critical primer, Michael Z. Newman introduces newcomers to the key concepts, issues, and vocabulary of media studies. Across ten chapters, Newman examines topics from text and audience to citizenship and consumerism, drawing on a myriad of examples of media old and new. Film and TV rub shoulders with mobile games and social media, and popular music and video sharing platforms with journalism and search engines. While the book takes a critical, cultural approach, it covers topics that apply across many kinds of media scholarship, bridging the humanities and the social sciences and looking at media as a global phenomenon. It considers media in relation to society and its unequal structures of power, and relates media representations to their conditions of production in media industries and consumption in the everyday lives of audiences and users. Spanning the historical periods of mass media and online participatory culture, it also probes assumptions about media that were formulated in a previous era and looks at how to update our thinking to address an ever-changing digital mediascape. With its clear and accessible style, this book is tailor-made for undergraduate students of media, communication, and cultural studies, as well as anyone who would like to better understand media&quot;--Provided by publisher.</subfield>
  </datafield>
  <datafield tag="650" ind1=" " ind2="0">
   <subfield code="a">Mass media.</subfield>
  </datafield>
  <datafield tag="905" ind1=" " ind2=" ">
   <subfield code="a">FO</subfield>
  </datafield>
  <datafield tag="852" ind1="0" ind2=" ">
   <subfield code="a">UPBAG</subfield>
   <subfield code="b">UPBAG-MAIN</subfield>
   <subfield code="h">P 90</subfield>
   <subfield code="i">N49 2022</subfield>
  </datafield>
  <datafield tag="942" ind1=" " ind2=" ">
   <subfield code="a">Book</subfield>
  </datafield>
 </record>
</collection>
